[Event "DVM U12 2012"]
[Site "Verden/Aller GER"]
[Date "2012.12.27"]
[Round "1"]
[White "Niemann, Alexander"]
[Black "Chernykh, Arkady"]
[Result "1-0"]
[Termination "normal"]
[Board "6.3"]
[WhiteElo "1645"]
[BlackElo "1192"]
[WhiteTeam "SG Aufbau Elbe Magdeburg"]
[BlackTeam "Karlsruher SF 1853"]
[WhiteFideId "12939862"]
[BlackFideId "12989436"]
[EventCountry "GER"]
[EventRounds "7"]
[EventType "team-swiss"]
[EventDate "2012.12.26"]

1. e4 e5 2. Nf3 Nc6 3. Bc4 Bc5 4. O-O Nf6 5. d4 exd4 6. e5 Ne4 7. Re1 d5 8.
exd6 Bf5 9. Ng5 Bxd6 10. Nxe4 Bxe4 11. Rxe4+ Kf8 12. Qf3 Qd7 13. Be6 Qe7 14.
Bg5 f6 15. Bd5 Qd8 16. Qh5 Bxh2+ 17. Kxh2 Qxd5 18. Rf4 Qe5 19. g3 h6 20. Kg2
Qxg5 21. Qf3 Rd8 22. Nd2 Ne5 23. Qa3+ Kf7 24. Ne4 Qh5 25. Qb3+ Ke7 26. Qxb7 Rd7
27. Rh1 Qe2 28. Nc5 Rdd8 29. Qxc7+ Nd7 30. Re4+ Qxe4+ 31. Nxe4 Rc8 32. Qd6+ Kf7
33. Qxd7+ 1-0

[Event "DVM U12 2012"]
[Site "Verden/Aller GER"]
[Date "2012.12.27"]
[Round "1"]
[White "Koll, Linus"]
[Black "Wagner, Tobias"]
[Result "0-1"]
[Termination "normal"]
[Board "6.4"]
[WhiteElo "1197"]
[BlackElo "1345"]
[WhiteTeam "Karlsruher SF 1853"]
[BlackTeam "SG Aufbau Elbe Magdeburg"]
[WhiteFideId "12990299"]
[BlackFideId "12943452"]
[EventCountry "GER"]
[EventRounds "7"]
[EventType "team-swiss"]
[EventDate "2012.12.26"]

1. e4 c5 2. Nf3 Nc6 3. d4 cxd4 4. Nxd4 g6 5. Bf4 Bg7 6. Nb5 d6 7. N5c3 Nf6 8.
Nd2 O-O 9. g3 d5 10. Bg2 e5 11. Bg5 d4 12. Ne2 Qb6 13. b3 Nd7 14. Nc4 Qc5 15.
a3 b5 16. Nd2 f6 17. b4 Qd6 18. Nc4 bxc4 19. Bc1 Ba6 20. O-O Rfd8 21. Qe1 Nf8
22. f4 d3 23. fxe5 fxe5 24. Nc3 d2 25. Bxd2 Qxd2 26. b5 Qxe1 27. Raxe1 Bxb5 28.
Nxb5 Ne6 29. Nc3 Ncd4 30. Rf2 Rf8 31. Ref1 Bh6 32. Nd1 Rab8 33. c3 Nc6 34. Rb2
Be3+ 35. Kh1 Rxf1+ 36. Bxf1 Rxb2 37. Nxb2 Nc5 38. Nxc4 Bc1 39. h4 Nxe4 40. Bg2
Nxg3+ 41. Kh2 Bf4 42. Bxc6 Ne2+ 43. Kg2 Nxc3 44. Kf3 Kf7 45. Nd6+ Ke6 46. Ne4
Nd1 47. Ng5+ Bxg5 48. hxg5 Kf5 49. Ke2 Nb2 50. Bb5 Ke4 51. Kd2 Kd4 52. Be8 Nc4+
53. Ke2 Nd6 54. Bd7 Ne4 55. a4 Nxg5 56. a5 e4 0-1

[Event "DVM U12 2012"]
[Site "Verden/Aller GER"]
[Date "2012.12.27"]
[Round "1"]
[White "Eurich, Alexander"]
[Black "Teichmann, Felix"]
[Result "0-1"]
[Termination "normal"]
[Board "7.1"]
[WhiteElo "1120"]
[BlackElo "1830"]
[WhiteTeam "SF Biberach"]
[BlackTeam "Schachgemeinschaft Leipzig"]
[WhiteFideId "12953121"]
[BlackFideId "12927538"]
[EventCountry "GER"]
[EventRounds "7"]
[EventType "team-swiss"]
[EventDate "2012.12.26"]

1. e4 c5 2. c4 e6 3. Nf3 a6 4. Nc3 Be7 5. d3 Nc6 6. Be2 Nf6 7. O-O d5 8. cxd5
exd5 9. exd5 Nxd5 10. Nxd5 Qxd5 11. Be3 Bf6 12. Qc2 b6 13. a3 Bb7 14. Rfe1 O-O
15. Rab1 Nd4 16. Bxd4 Bxd4 17. Bf1 Bf6 18. b3 Qf5 19. Nd2 Rfe8 20. Ne4 Bxe4 21.
dxe4 Qg6 22. Bd3 Be5 23. Re3 Qd6 24. Rh3 Re6 25. Re1 Rg6 26. Bc4 Qd7 27. Rf3
Rf8 28. Rf5 Rh6 29. Rxe5 Qd6 30. Qc3 b5 31. Bd5 b4 32. axb4 cxb4 33. Qd4 Kh8
34. h3 Re6 35. Rg5 f6 36. Rg3 Rd8 37. Rd1 Re5 38. Rf3 Qe7 39. Re1 Rexd5 40.
exd5 Qxe1+ 41. Kh2 Qe5+ 42. Qxe5 fxe5 43. d6 Kg8 44. Rd3 Kf7 45. Rd5 Ke6 46.
Ra5 Rxd6 47. Ra4 Rb6 48. Kg3 Kd5 49. Ra2 Rc6 50. Rd2+ Ke6 51. f3 Rc3 52. Ra2
Rxb3 53. Rxa6+ Kd5 54. Kh4 Ra3 55. Rb6 b3 56. g4 Kc4 57. Rb7 Kc3 58. g5 b2 59.
Rxb2 Kxb2 60. Kg4 Kc3 61. Kf5 Kd4 62. h4 Rxf3+ 63. Ke6 0-1

[Event "DVM U12 2012"]
[Site "Verden/Aller GER"]
[Date "2012.12.27"]
[Round "1"]
[White "Halas, Julia"]
[Black "Fischer, Patrick"]
[Result "1-0"]
[Termination "normal"]
[Board "7.2"]
[WhiteElo "1556"]
[BlackElo "1278"]
[WhiteTeam "Schachgemeinschaft Leipzig"]
[BlackTeam "SF Biberach"]
[WhiteFideId "12931810"]
[BlackFideId "12953075"]
[EventCountry "GER"]
[EventRounds "7"]
[EventType "team-swiss"]
[EventDate "2012.12.26"]

1. d4 d5 2. c4 c6 3. Nc3 Bf5 4. Nf3 e6 5. Bg5 Be7 6. Bxe7 Qxe7 7. e3 Nf6 8. Bd3
dxc4 9. Bxc4 O-O 10. O-O Rd8 11. Qb3 b5 12. Be2 a6 13. Ne5 c5 14. Bf3 Ra7 15.
Ne2 Be4 16. Bxe4 Nxe4 17. dxc5 Nd2 18. Qc2 Nxf1 19. Rxf1 Rd5 20. Nd3 Rc7 21. b4
Nc6 22. a3 a5 23. Rc1 Qd7 24. Nef4 Rf5 25. Qb1 Qd8 26. bxa5 Nxa5 27. h3 e5 28.
Ne2 Qd7 29. Nb4 Nc4 30. Rd1 Qe6 31. Rd8+ Qe8 32. Rxe8# 1-0

[Event "DVM U12 2012"]
[Site "Verden/Aller GER"]
[Date "2012.12.27"]
[Round "1"]
[White "Triantafillidis, Simeon"]
[Black "Simon, Tim"]
[Result "0-1"]
[Termination "normal"]
[Board "7.3"]
[WhiteElo "1382"]
[BlackElo "1479"]
[WhiteTeam "SF Biberach"]
[BlackTeam "Schachgemeinschaft Leipzig"]
[WhiteFideId "12953113"]
[BlackFideId "12971740"]
[EventCountry "GER"]
[EventRounds "7"]
[EventType "team-swiss"]
[EventDate "2012.12.26"]

1. e4 e6 2. d4 d5 3. exd5 exd5 4. Nf3 Bd6 5. Nc3 Nf6 6. Bg5 Be6 7. Bd3 O-O 8.
O-O Nbd7 9. Re1 a6 10. Ne5 c5 11. Nf3 Qb6 12. Na4 Qd8 13. Rb1 b5 14. dxc5 Nxc5
15. Nxc5 Bxc5 16. c3 h6 17. Bh4 Qb6 18. b4 Be7 19. h3 Qc7 20. Qd2 Rac8 21. Rbc1
Rfd8 22. Bg3 Bd6 23. Bh4 Bf4 24. Qc2 Bxc1 25. Rxc1 Qe7 26. Bh7+ Kh8 27. Re1 d4
28. a3 Rxc3 29. Qb1 d3 30. Rd1 Kxh7 31. Ne5 Kg8 32. Nxd3 Bc4 33. Re1 Bxd3 34.
Qa1 Qc7 35. Bg3 Qc4 36. Rd1 Rc8 37. Kh2 Rc1 38. Rxc1 Qxc1 39. Qd4 Bc4 40. Bf4
Qxa3 41. Qb6 Qxb4 42. Qxa6 Be6 43. Bd6 Qc4 44. g4 Qc6 45. Qa3 Ne4 46. Bb4 Nxf2
47. Be1 Qh1+ 48. Kg3 Qxe1 49. Kg2 Bd5+ 50. Kh2 Qh1+ 51. Kg3 Qf3+ 52. Qxf3 Bxf3
53. Kxf3 Nxh3 54. Ke3 b4 55. Kd4 b3 56. Kd5 b2 57. Kd6 b1=Q 58. Kd7 Qc2 59. Ke7
Rc6 60. g5 Re6+ 61. Kd7 Qc6+ 62. Kd8 Re8# 0-1

[Event "DVM U12 2012"]
[Site "Verden/Aller GER"]
[Date "2012.12.27"]
[Round "1"]
[White "Oltmanns, Jannik"]
[Black "Melzig, Leon"]
[Result "1-0"]
[Termination "normal"]
[Board "7.4"]
[WhiteElo "1426"]
[BlackElo "1072"]
[WhiteTeam "Schachgemeinschaft Leipzig"]
[BlackTeam "SF Biberach"]
[BlackFideId "12953148"]
[EventCountry "GER"]
[EventRounds "7"]
[EventType "team-swiss"]
[EventDate "2012.12.26"]

1. d4 d5 2. c4 e6 3. Nc3 Nf6 4. Bg5 h6 5. Bh4 Bd7 6. Nf3 Bc6 7. e3 Be7 8. Bd3
Ne4 9. Bxe7 Qxe7 10. Qc2 Nf6 11. Rc1 Nbd7 12. Qb3 O-O-O 13. c5 e5 14. dxe5 Nxe5
15. Bf5+ Kb8 16. Nxe5 Qxe5 17. Ne2 g6 18. Bd3 Ne4 19. Bxe4 dxe4 20. Nd4 Bd5 21.
Qc3 Rhe8 22. Qb4 c6 23. a4 a6 24. Qc3 f5 25. g3 h5 26. b4 Ka7 27. b5 Kb8 28.
Ke2 Ka8 29. Rb1 Ka7 30. bxa6 bxa6 31. Qa5 Bc4+ 32. Kd2 Qd5 33. Rb6 Rc8 34. Rhb1
Ka8 35. Rxa6+ 1-0

[Event "DVM U12 2012"]
[Site "Verden/Aller GER"]
[Date "2012.12.27"]
[Round "1"]
[White "Bergauz, Noam"]
[Black "Kölz, Niklas"]
[Result "1-0"]
[Termination "normal"]
[Board "8.1"]
[WhiteElo "1888"]
[BlackElo "1606"]
[WhiteTeam "SK München Südost"]
[BlackTeam "Märkischer Springer Halver-Schalksmühle"]
[WhiteFideId "12938033"]
[BlackFideId "12971758"]
[EventCountry "GER"]
[EventRounds "7"]
[EventType "team-swiss"]
[EventDate "2012.12.26"]

1. e4 c5 2. Nf3 e6 3. d4 cxd4 4. Nxd4 a6 5. Be3 Nf6 6. Nc3 Bb4 7. f3 Bxc3+ 8.
bxc3 Qc7 9. c4 O-O 10. Bd3 d6 11. O-O Nbd7 12. Qe1 Ne5 13. Qe2 Bd7 14. Nb3 b6
15. Bg5 Kh8 16. f4 Nxd3 17. cxd3 Rae8 18. Rf3 e5 19. f5 Nh5 20. Raf1 h6 21. Rh3
Nf4 22. Bxf4 exf4 23. Rxf4 d5 24. Qe3 dxc4 25. Rfh4 f6 26. Qxh6+ 1-0

[Event "DVM U12 2012"]
[Site "Verden/Aller GER"]
[Date "2012.12.27"]
[Round "1"]
[White "Sailer, Tom"]
[Black "Huber, Benedikt"]
[Result "1/2-1/2"]
[Termination "normal"]
[Board "8.2"]
[WhiteElo "883"]
[BlackElo "1445"]
[WhiteTeam "Märkischer Springer Halver-Schalksmühle"]
[BlackTeam "SK München Südost"]
[WhiteFideId "16200675"]
[BlackFideId "12923583"]
[EventCountry "GER"]
[EventRounds "7"]
[EventType "team-swiss"]
[EventDate "2012.12.26"]

1. d4 d5 2. f4 Bf5 3. Nf3 Nf6 4. e3 e6 5. Be2 Nbd7 6. Nbd2 Bd6 7. c3 h6 8. Ne5
O-O 9. O-O c5 10. a3 Rc8 11. b4 cxd4 12. cxd4 Ne4 13. Nxe4 Bxe4 14. Qa4 Nxe5
15. fxe5 Bb8 16. Qb3 Bc2 17. Qb2 Be4 18. Qb3 Rc7 19. Bd3 Bxd3 20. Qxd3 Qc8 21.
Bb2 Rc2 22. Rac1 Rxc1 23. Rxc1 Qd7 24. e4 dxe4 25. Qxe4 Rd8 26. h3 a6 27. Kf2
Ba7 28. Rd1 Qa4 29. Rd3 Qd7 30. Rd1 Qa4 31. Rd3 Qd7 32. Rd1 1/2-1/2

[Event "DVM U12 2012"]
[Site "Verden/Aller GER"]
[Date "2012.12.27"]
[Round "1"]
[White "Bergauz, Igal"]
[Black "Browning, Alex"]
[Result "1-0"]
[Termination "normal"]
[Board "8.3"]
[WhiteElo "1311"]
[BlackElo "1054"]
[WhiteTeam "SK München Südost"]
[BlackTeam "Märkischer Springer Halver-Schalksmühle"]
[WhiteFideId "12977284"]
[BlackFideId "12984019"]
[EventCountry "GER"]
[EventRounds "7"]
[EventType "team-swiss"]
[EventDate "2012.12.26"]

1. e4 d5 2. exd5 Qxd5 3. Nc3 Qd6 4. Nf3 a6 5. Be2 b5 6. d3 Nf6 7. O-O e6 8. Be3
Be7 9. Ne4 Qd7 10. Nfd2 O-O 11. Bf3 Nc6 12. Nc5 Qd8 13. Bxc6 Rb8 14. Bf3 Nd7
15. Ncb3 Ne5 16. Na5 Nxf3+ 17. Nxf3 Bb7 18. a3 Bxf3 19. Qxf3 Qd7 20. Nc6 Rbc8
21. Nxe7+ Qxe7 22. Qg3 f5 23. Qe5 Rf6 24. Bg5 Kf7 25. Bxf6 gxf6 26. Qc3 Rg8 27.
f4 h5 28. Qe1 Qc5+ 29. Qf2 Qd5 30. Qf3 Qd4+ 31. Kh1 Kg6 32. c3 Qd6 33. Rae1 Kh6
34. Re3 Rg4 35. h3 Rg6 36. Rfe1 h4 37. Rxe6 Qf8 38. Re8 Qf7 39. R1e7 Qxe7 40.
Rxe7 c5 41. Qa8 Kh5 42. Rh7+ Rh6 43. Qe8# 1-0

[Event "DVM U12 2012"]
[Site "Verden/Aller GER"]
[Date "2012.12.27"]
[Round "1"]
[White "Hardt, Silas"]
[Black "Voigt, Tobias"]
[Result "1-0"]
[Termination "normal"]
[Board "8.4"]
[WhiteElo "1087"]
[BlackElo "963"]
[WhiteTeam "Märkischer Springer Halver-Schalksmühle"]
[BlackTeam "SK München Südost"]
[WhiteFideId "16200667"]
[BlackFideId "12977314"]
[EventCountry "GER"]
[EventRounds "7"]
[EventType "team-swiss"]
[EventDate "2012.12.26"]

1. e4 e5 2. Nf3 Nc6 3. Bc4 Bc5 4. O-O Nf6 5. Nc3 O-O 6. d3 h6 7. Be3 d6 8. Qd2
Bxe3 9. fxe3 Bg4 10. d4 exd4 11. exd4 Qe7 12. Rae1 Rfe8 13. e5 dxe5 14. dxe5
Rad8 15. exf6 Rxd2 16. fxe7 Bxf3 17. Rxf3 Rxe7 18. Rxe7 Nxe7 19. Rxf7 Nc6 20.
Rf2+ Kh7 21. Rxd2 a6 22. Rd7 b5 23. Rxc7 Ne5 24. Bd3+ Nxd3 25. cxd3 b4 26. Nd5
b3 27. axb3 a5 28. Ne7 a4 29. bxa4 h5 30. a5 h4 31. Rc4 g6 32. a6 h3 33. g3 g5
34. a7 g4 35. Rxg4 Kh6 36. a8=Q Kh7 37. Qg8+ Kh6 38. Qg6# 1-0

[Event "DVM U12 2012"]
[Site "Verden/Aller GER"]
[Date "2012.12.27"]
[Round "1"]
[White "Zimmer, Luca"]
[Black "Burg, Niclas"]
[Result "0-1"]
[Termination "normal"]
[Board "9.1"]
[WhiteElo "1124"]
[BlackElo "1688"]
[WhiteTeam "Turm Wadern"]
[BlackTeam "SV Worms 1878"]
[WhiteFideId "12921424"]
[BlackFideId "1271968"]
[EventCountry "GER"]
[EventRounds "7"]
[EventType "team-swiss"]
[EventDate "2012.12.26"]

1. e4 c5 2. Nc3 Nc6 3. f4 e6 4. Bc4 Nge7 5. Qe2 Nd4 6. Qd3 Ng6 7. Nge2 Qc7 8.
O-O a6 9. a4 Be7 10. b3 O-O 11. Nxd4 cxd4 12. Ne2 Rd8 13. Qf3 Nh4 14. Qh5 d5
15. g3 dxc4 16. gxh4 cxb3 17. cxb3 d3 18. Ng3 Qb6+ 19. Kh1 Qxb3 20. Rg1 Bd7 21.
Qg4 Bc5 22. Nf5 g6 23. Nh6+ Kg7 24. Rg3 Bc6 25. f5 Rd4 26. f6+ Kf8 27. Re3 Rxe4
28. Rxe4 Qd1+ 29. Kg2 Qe2+ 30. Kg3 Bf2+ 31. Kh3 Bxe4 32. Ba3+ Ke8 33. h5 Qxd2
34. Qxe4 Qxh6 35. Qxd3 Qxh5+ 36. Kg2 Rd8 37. Qe2 Qxe2 0-1

[Event "DVM U12 2012"]
[Site "Verden/Aller GER"]
[Date "2012.12.27"]
[Round "1"]
[White "Guckes, Fabian"]
[Black "Schumacher, Aaron"]
[Result "1-0"]
[Termination "normal"]
[Board "9.2"]
[WhiteElo "1321"]
[BlackElo "1123"]
[WhiteTeam "SV Worms 1878"]
[BlackTeam "Turm Wadern"]
[WhiteFideId "1271995"]
[EventCountry "GER"]
[EventRounds "7"]
[EventType "team-swiss"]
[EventDate "2012.12.26"]

1. e4 c5 2. Nf3 Nc6 3. d4 cxd4 4. Nxd4 e5 5. Nb5 d6 6. N1c3 Nf6 7. Nd5 Nxd5 8.
exd5 Qa5+ 9. Bd2 Qd8 10. dxc6 bxc6 11. Nc3 d5 12. Qe2 Bd6 13. O-O-O O-O 14. Qh5
g6 15. Bg5 f6 16. Bxf6 Qxf6 17. Qh6 e4 18. g3 Qxf2 19. Kb1 e3 20. h4 d4 21.
Bc4+ Kh8 22. Ne4 Qf3 23. Ng5 Qh5 24. Nf7+ Rxf7 25. Qxh5 gxh5 26. Bxf7 Bxg3 27.
Rdg1 Bf2 28. Rg8# 1-0

[Event "DVM U12 2012"]
[Site "Verden/Aller GER"]
[Date "2012.12.27"]
[Round "1"]
[White "Schumacher, Simon"]
[Black "Faal, Marcel"]
[Result "0-1"]
[Termination "normal"]
[Board "9.3"]
[WhiteElo "1142"]
[BlackElo "1261"]
[WhiteTeam "Turm Wadern"]
[BlackTeam "SV Worms 1878"]
[BlackFideId "1271978"]
[EventCountry "GER"]
[EventRounds "7"]
[EventType "team-swiss"]
[EventDate "2012.12.26"]

1. e4 c5 2. d4 cxd4 3. Qxd4 Nc6 4. Qc3 e6 5. Bd2 Nf6 6. e5 Ne4 7. Qe3 Nxd2 8.
Nxd2 g6 9. Ngf3 Bg7 10. Bd3 O-O 11. O-O d5 12. Rfe1 Bd7 13. Qc5 Qc7 14. Rad1 b6
15. Qc3 Rac8 16. b3 Qb8 17. Ba6 Rc7 18. Bd3 Nxe5 19. Qb4 Nxf3+ 20. Nxf3 Bc3 21.
Qf4 Bxe1 22. Rxe1 Qd8 23. Qh6 Qf6 24. Ng5 Qg7 25. Qh4 h6 26. Nf3 Re8 27. Qg3
Rcc8 28. Ne5 Rcd8 29. Nxd7 Rxd7 30. Bb5 Rdd8 31. Bxe8 Rxe8 32. Qc7 f6 33. Qc6
Qe7 34. a4 Kf8 35. Kf1 Kf7 36. Kg1 Qc5 37. Qxc5 bxc5 38. c3 e5 39. b4 cxb4 40.
cxb4 e4 41. Rd1 Rd8 42. b5 d4 43. a5 d3 44. b6 axb6 45. axb6 Rb8 46. Rb1 Ke6
47. Kf1 Kd6 48. Ke1 Kc6 49. Kd2 Rxb6 50. Rxb6+ Kxb6 51. h3 Kc5 52. Kc3 f5 53.
g3 Kd5 54. f4 g5 55. fxg5 hxg5 56. h4 gxh4 57. gxh4 Ke5 58. Kd2 Kf4 59. Ke1 e3
60. Kd1 e2+ 61. Kd2 Kg4 0-1

[Event "DVM U12 2012"]
[Site "Verden/Aller GER"]
[Date "2012.12.27"]
[Round "1"]
[White "Wiedemann, Julia"]
[Black "Kurz, Annika"]
[Result "1-0"]
[Termination "normal"]
[Board "9.4"]
[WhiteElo "1178"]
[BlackElo "963"]
[WhiteTeam "SV Worms 1878"]
[BlackTeam "Turm Wadern"]
[WhiteFideId "12959499"]
[EventCountry "GER"]
[EventRounds "7"]
[EventType "team-swiss"]
[EventDate "2012.12.26"]

1. e4 d6 2. d4 Nf6 3. Nc3 g6 4. Nf3 Bg7 5. Bg5 Bg4 6. h3 Bxf3 7. Qxf3 Nc6 8.
Bb5 O-O 9. Bxc6 bxc6 10. O-O-O Rb8 11. e5 Nd7 12. exd6 cxd6 13. Qxc6 Qb6 14.
Qxb6 Rxb6 15. Bxe7 Rfb8 16. b3 Bh6+ 17. Kb2 g5 18. h4 f6 19. Nd5 R6b7 20. Nxf6+
Nxf6 21. Bxf6 Rf8 22. hxg5 Bg7 23. Bxg7 Rxg7 24. f3 Rxg5 25. Rh2 a5 26. Rdh1
Rf7 27. Rh5 Rxh5 28. Rxh5 Rg7 29. Rxa5 Rxg2 30. a4 Rg7 31. Ra8+ Kf7 32. Ra7+
Kf8 33. Rxg7 Kxg7 34. a5 h5 35. a6 h4 36. a7 h3 37. a8=Q h2 38. Qb7+ Kf6 39.
Qh7 h1=Q 40. Qxh1 Kf5 1-0

[Event "DVM U12 2012"]
[Site "Verden/Aller GER"]
[Date "2012.12.27"]
[Round "1"]
[White "Herbert, Fabian"]
[Black "Neumann, Tiemon"]
[Result "0-1"]
[Termination "normal"]
[Board "10.2"]
[WhiteElo "1092"]
[BlackElo "1729"]
[WhiteTeam "Sfr. Schöneck"]
[BlackTeam "SC Aurich"]
[WhiteFideId "12940402"]
[BlackFideId "12925462"]
[EventCountry "GER"]
[EventRounds "7"]
[EventType "team-swiss"]
[EventDate "2012.12.26"]

1. e4 e5 2. Nf3 Nc6 3. Nc3 Nf6 4. d3 Be7 5. Be2 O-O 6. O-O d5 7. exd5 Nxd5 8.
Nxd5 Qxd5 9. Re1 Rd8 10. Be3 h6 11. h3 Bc5 12. Qd2 Bf5 13. a3 a5 14. Rad1 Rd7
15. Qc3 Bd4 16. Bxd4 Nxd4 17. Nxd4 exd4 18. Qd2 c6 19. Bf3 Qd6 20. Qe2 Qg6 21.
Bg4 Bxg4 22. Qxg4 Qxg4 23. hxg4 Kf8 24. Kf1 Re8 25. Rxe8+ Kxe8 26. Re1+ Re7 27.
Rxe7+ Kxe7 28. Ke2 b5 29. c3 c5 30. cxd4 cxd4 31. b3 Kd6 32. b4 axb4 33. axb4
Ke5 34. Kf3 g5 35. Kg3 f5 36. gxf5 Kxf5 37. f3 h5 38. Kf2 h4 39. g4+ Kf4 40.
Kg2 h3+ 41. Kxh3 Kxf3 42. Kh2 Ke3 43. Kg2 Kxd3 44. Kf3 Kc2 45. Ke4 d3 46. Kf5
d2 47. Kg6 d1=Q 48. Kh5 Qd5 49. Kg6 Kc3 50. Kh5 Kxb4 51. Kg6 Kc5 52. Kg7 Qe6
53. Kh8 Qe7 54. Kg8 Kd5 55. Kh8 Ke6 56. Kg8 Kf6 57. Kh8 Qg7# 0-1

[Event "DVM U12 2012"]
[Site "Verden/Aller GER"]
[Date "2012.12.27"]
[Round "1"]
[White "Wessels, Julian"]
[Black "Timpel, Kaan"]
[Result "1-0"]
[Termination "normal"]
[Board "10.3"]
[WhiteElo "1299"]
[BlackElo "939"]
[WhiteTeam "SC Aurich"]
[BlackTeam "Sfr. Schöneck"]
[WhiteFideId "12930520"]
[BlackFideId "12983683"]
[EventCountry "GER"]
[EventRounds "7"]
[EventType "team-swiss"]
[EventDate "2012.12.26"]

1. e4 e5 2. Nf3 Nc6 3. Bc4 Bc5 4. c3 Nf6 5. d4 exd4 6. e5 Qe7 7. cxd4 Bb4+ 8.
Nc3 Ne4 9. Bd2 Bxc3 10. Bxc3 d6 11. O-O O-O 12. exd6 Qxd6 13. Re1 Nf6 14. Rc1 {
Notation unvollständig und fehlerhaft} 1-0